[Event "Bacolod Negros op"]
[Site "Bacolod"]
[Date "2017.10.11"]
[Round "1"]
[White "Mangubat, Mark"]
[Black "Tran, Minh Thang"]
[Result "0-1"]
[WhiteElo "1799"]
[BlackElo "2352"]
[PlyCount "123"]
[EventDate "2017.10.11"]
[EventType "swiss"]
[EventRounds "9"]
[EventCountry "PHI"]
[SourceTitle "CBM 181 Extra"]
[Source "ChessBase"]
[SourceDate "2017.12.12"]
[SourceVersion "1"]
[SourceVersionDate "2017.12.12"]
[SourceQuality "1"]

1. e4 c5 2. c3 d5 3. exd5 Qxd5 4. d4 Nf6 5. Nf3 e6 6. Na3 Be7 7. Nb5 Na6 8. Be2 0-0 9. 0-0 Rd8 10. Be3 cxd4 11. Bxd4 Bd7 12. a4 Bc5 13. Bxf6 Qxd1 14. Rfxd1 gxf6 15. Nfd4 e5 16. Nc2 Bf5 17. Rxd8+ Rxd8 18. Rd1 Rc8 19. Ne3 Be6 20. Bf3 Bb3 21. Bxb7 Rb8 22. Bxa6 Bxe3 23. Rd6 Bc5 24. Rxf6 Kg7 25. Rc6 Rd8 26. Kf1 Bb6 27. Ke2 Bd1+ 28. Ke1 Bxa4 29. b4 Rd1+ 30. Ke2 Ra1 31. c4 Ra2+ 32. Ke1 Bc2 33. c5 Be4 34. Rd6 Rxa6 35. cxb6 axb6 36. f3 Bf5 37. Nc7 Ra2 38. Kf1 Rc2 39. Na8 b5 40. g4 Be6 41. h4 h5 42. gxh5 Rc4 43. Kf2 Kh6 44. Nb6 Rxb4 45. Nd7 Rd4 46. Rxd4 exd4 47. Ne5 Kxh5 48. Nc6 d3 49. Ke3 Bc4 50. Nb4 Kxh4 51. Nc6 Kg3 52. f4 Kg4 53. Ne5+ Kf5 54. Nf3 Ke6 55. Kd4 Kd6 56. Nd2 Kc6 57. Nf3 Kb6 58. Nd2 Ka5 59. Kc5 Ka4 60. Kd4 Kb4 61. f5 f6 62. Ke3 0-1